LEADER 01123nam 2200397 450 001 9910137715703321 005 20221008083151.0 010 $a953-51-6929-7 035 $a(CKB)3230000000076642 035 $a(NjHacI)993230000000076642 035 $a(EXLCZ)993230000000076642 100 $a20221008d2012 uy 0 101 0 $aeng 135 $aur||||||||||| 181 $ctxt$2rdacontent 182 $cc$2rdamedia 183 $acr$2rdacarrier 200 00$aPancreatic cancer $eclinical management /$fedited by Sanjay K. Srivastava 210 1$aRijeka, Croatia :$cIntech,$d[2012] 210 4$d©2012 215 $a1 online resource (326 pages) $cillustrations 311 $a953-51-0394-6 320 $aIncludes bibliographical references. 517 $aPancreatic Cancer 606 $aPancreas$xCancer 606 $aOncology 615 0$aPancreas$xCancer. 615 0$aOncology. 676 $a616.99437 702 $aSrivastava$b Sanjay K. 801 0$bNjHacI 801 1$bNjHacl 906 $aBOOK 912 $a9910137715703321 996 $aPancreatic Cancer$92509315 997 $aUNINA LEADER 01302nam a2200313 i 4500 001 991003534729707536 005 20021217151937.0 008 961025s1985 uk a b 001 0 eng d 020 $a019857181X 035 $ab11826502-39ule_inst 035 $aLE00302554$9ExL 040 $aDip.to Biologia$beng 082 0 $a592.038 245 04$aThe Origins and relationships of lower invertebrates :$bproceedings of an international symposium held in London, September 1983 /$cedited by S. Conway Morris ... [et al.] 260 3 $aOxford :$bClarendon Press,$cc1985 300 $axi, 397 p. :$bill. ;$c24 cm 440 4$aThe Systematics Association special volume ;$v28 500 $aIncludes bibliographies and indexes 650 0$aInvertebrates$xClassification$xCongresses 650 0$aInvertebrates$xEvolution$xCongresses 650 0$aInvertebrates$xPhylogeny$xCongresses 700 1 $aConway Morris, Simon 710 2 $aSystematics Association 907 $a.b11826502$b27-10-10$c18-12-02 912 $a991003534729707536 945 $aLE003 592 CON01.01 (1985)$g1$i2003000003567$lle003$o-$pE0.00$q-$rl$s- $t0$u0$v0$w0$x0$y.i12076715$z18-12-02 996 $aOrigins and relationships of lower invertebrates$9898435 997 $aUNISALENTO 998 $ale003$b01-01-96$cm$da $e-$feng$guk $h4$i1 LEADER 04100nam 22007691 450 001 9910784191703321 005 20230922231127.0 010 $a1-280-85981-4 010 $a9786610859818 010 $a90-474-0611-7 010 $a1-4337-0606-7 024 7 $a10.1163/9789047406112 035 $a(CKB)1000000000334959 035 $a(EBL)280572 035 $a(OCoLC)171561839 035 $a(SSID)ssj0000159527 035 $a(PQKBManifestationID)11179263 035 $a(PQKBTitleCode)TC0000159527 035 $a(PQKBWorkID)10158854 035 $a(PQKB)11051889 035 $a(Au-PeEL)EBL280572 035 $a(CaPaEBR)ebr10171563 035 $a(CaONFJC)MIL85981 035 $a(OCoLC)935262249 035 $a(OCoLC)607527394 035 $a(nllekb)BRILL9789047406112 035 $a(MiAaPQ)EBC280572 035 $a(MiAaPQ)EBC30175081 035 $a(Au-PeEL)EBL30175081 035 $a(EXLCZ)991000000000334959 100 $a20210731d2004 uy 0 101 0 $ager 135 $aur|n|---||||| 181 $ctxt$2rdacontent 182 $cc$2rdamedia 183 $acr$2rdacarrier 200 10$aFrühe S?ai??- und B?b?-Theologie $edie Darlegung der Beweise für Mu?ammads besonders Prophetentum /$fArmin Eschraghi 205 $a1st ed. 210 1$aLeiden;$aBoston :$cBRILL,$d2004. 215 $a1 online resource (ix, 414 pages) 225 1 $aIslamic Philosophy, Theology and Science. Texts and Studies ;$v57 300 $aOriginally presented as A. Eschraghi's thesis (doctoral)--Johann Wolfgang Goethe-Universita?t Frankfurt am Main, 2003. 311 0 $a90-04-14034-4 320 $aIncludes bibliographical references and index. 327 $aVorwort; Einleitung; Kapitel Eins Geschichtlicher U?berblick; Kapitel Zwei Einige Aspekte der Lehre; Kapitel Eins Geschichtlicher U?berblick; Kapitel Zwei Schrifttum; Kapitel Drei Weitere Aspekte der Lehre des Bab; Kapitel Eins Hintergrund; Kapitel Zwei Zusammenfassung des Inhalts; Kapitel Eins Manuskripte; Kapitel Zwei Anmerkungen zur Edition; English Summary; Anhang I: Brief des Bab an Mu'tamid ad-Daula; Anhang II: Brief des Bab an Mirza Sa'id Ardistani; Anhang III: Transkription der arab./pers. Buchstaben und Zahlenwerte; Literaturverzeichnis; Index 330 $aThis book is an introduction to the literature and thought of the founders of the Shaykhiyya and the Ba?biyyah, two important religious movements in nineteenth-century Iran. The first part is an overview of the thought of Ah?mad al-Ah?sa??i? and Ka?z?im ar-Rashti?, the progenitors of the Shaykhiyya, with a focus on their religious and philosophical teachings. The second part is an analysis of the early writings of ?Ali?-Muh?ammad Shi?ra?zi? (the Ba?b), the initiator of the Ba?biyyah. It contains a survey of major concepts found in his works and addresses issues that have generated debate in the past, particularly the exact nature of his religious claim and its reception by his contemporaries. Finally, the book contains an edition of the Ba?b's Treatise on Specific Prophethood. This is the first scholarly edition of a work by the Ba?b to be published in the original language. 410 0$aIslamic Philosophy, Theology and Science. Texts and Studies ;$v57. 517 3 $aDie Darlegung der Beweise fu?r Muh?ammads besonderes Prophetentum (Ar-Risa?la fi? It?ba?t an-Nubu?wa al-H?a?s?s?a) 606 $aBabism$xDoctrines 606 $aBabism$xRelations$xShaykhi? 606 $aIslam 606 $aShaykhi?$xDoctrines 606 $aShaykhi?$xRelations$xBabism 615 0$aBabism$xDoctrines. 615 0$aBabism$xRelations$xShaykhi?. 615 0$aIslam. 615 0$aShaykhi?$xDoctrines. 615 0$aShaykhi?$xRelations$xBabism. 676 $a297.9/2 700 $aEschraghi$b Armin$01515424 701 2$aBa?b$b ?Ali? Muh?ammad Shi?ra?zi?$f1819-1850.$01515425 801 0$bNL-LeKB 801 1$bNL-LeKB 906 $aBOOK 912 $a9910784191703321 996 $aFrühe S?ai??- und B?b?-Theologie$93751125 997 $aUNINA LEADER 01234nam 2200349z- 450 001 9910689594103321 005 20161209101500.0 035 $a(CKB)4920000000791414 035 $a(BIP)008311362 035 $a(EXLCZ)994920000000791414 100 $a20220104c2002uuuu -u- - 101 0 $aeng 200 10$aFaith-based solutions $ewhat are the legal issues? : hearing before the Committee on the Judiciary, United States Senate, One Hundred Seventh Congress, first session, June 6, 2001 215 $a1 online resource (iii, 87 p.) 311 $a0-16-067091-8 517 $aFaith-based solutions 606 $aChurch charities$zUnited States 606 $aNonprofit organizations$zUnited States 606 $aFederal aid to nonprofit organizations$zUnited States 606 $aReligion and politics$zUnited States 610 $aChurch charities 610 $aNonprofit organizations 610 $aSocial science 610 $aBusiness & economics 615 0$aChurch charities 615 0$aNonprofit organizations 615 0$aFederal aid to nonprofit organizations 615 0$aReligion and politics 906 $aBOOK 912 $a9910689594103321 996 $aFaith-based solutions$93142568 997 $aUNINA